01368cam a22002777a 45000010005000000030006000050050017000110080041000280100017000690200025000860400025001110500018001360820011001541000024001652450109001892600037002983000058003355000038003935050007004315200499004385210019009375210018009566500054009747000033010287300029010617035FISKH20260202163629.0100303s2010 nyua 000 0 eng  a 2010923934 a9780736427210 (pbk.) aDLCcDLCbengdFISKH aPN1997.T27 D3 a398.2 1 aWooster, Devin Ann.12aA dazzling day /cadapted by Devin Ann Wooster ; illustrated by Brittney Lee ; designed by Stuart Smith. aNew York :bRandom House,c2010. a24 unnumbered pages : bcolor illustrations ; c21 cm aAt head of title: Disney Tangled. aP  aRead along with Disney! Rapunzel is about to turn eighteen, and she has never left the tower she lives in with her mother. More than anything, she wants to find the source of the mysterious lights that rise into the sky every year on her birthday. When a thief named Flynn Rider climbs through her window to escape the royal guard and she captures him, the two strike a bargain -- she'll release him if he guides her to the lights. Follow along with the word-for-word narration on the adventure8 a750 bLexile 8 aP bRaz-Plus  aDisney Princess vFantasyxAdventureyRapunzel 1 aLee, Brittney,eillustrator 0 aTangled (Motion picture)